50 nomes mais registrados em 2024 - Statistics

Estatísticas Gerais
  • Esse quiz foi jogado 302 vezes
  • A pontuação média é 24 de 50
Estatísticas das Respostas
Registros Gênero Nome % Correto
12.453 M Gabriel
80%
6.430 M João Pedro
78%
10.627 M Pedro
76%
25.250 F Helena
74%
10.320 M João Miguel
74%
9.587 F Maria Helena
74%
24.530 M Miguel
74%
7.670 F Valentina
70%
7.513 M Lucas
67%
21.796 M Gael
64%
6.855 F Julia
64%
8.157 F Maria Julia
64%
14.016 F Maria Alice
62%
6.422 M Rafael
62%
16.114 F Alice
60%
17.204 M Davi
58%
13.685 M Anthony
56%
8.252 F Maria Clara
56%
6.737 M Henrique
55%
6.925 F Sophia
52%
18.630 M Arthur
50%
19.514 F Cecilia
50%
15.817 F Laura
50%
15.696 F Maria Cecilia
50%
17.853 M Noah
50%
19.725 M Heitor
46%
20.259 M Theo
45%
21.577 M Ravi
44%
16.094 M Bernardo
42%
7.274 F Livia
38%
10.196 F Liz
38%
14.307 M Samuel
38%
10.155 F Heloisa
36%
7.345 M Lorenzo
36%
13.030 M Benicio
35%
12.448 F Aurora
34%
6.452 F Ana Liz
33%
6.632 F Elisa
33%
10.669 F Isis
32%
8.292 M Joaquim
32%
18.164 F Maite
32%
7.821 F Maya
30%
6.625 F Luna
29%
6.606 F Melissa
28%
10.826 F Antonella
27%
7.546 F Eloa
27%
9.166 M Levi
26%
6.756 F Ayla
25%
7.801 M Mateo
23%
9.745 M Isaac
16%
Nenhum quiz correspondente encontrado
Distribuição das Pontuações
Porcentagem de Pessoas com Cada Pontuação
Percentil de Números Respondidos
Sua Pontuação Histórica
Você não jogou esse quiz